03234nam a22002537a 45000010005000000030006000050050017000110080041000280200018000690400029000870500008001161000019001242450225001432600050003683000049004185050009004675201472004765200750019485210029026985210020027276500128027476500071028757000034029468528FISKH20250918105009.0250917b cb ||||| |||| 00| 0 eng d a9789996388040 aFISKHbkhrcFISKHdFISKH aPZ7 aSocheata, Soth aកូនខ្លាឃ្មុំអូឡាឡាដឺងខុសហើយ! : bLittle bear Oh La La realizes his mistakes ! / cនិពន្ធដោយ អ្នកស្រី សុត សុជាតា​ aPhnom Penh : bGlory Printing House , c2014. a31 pages : bcolor illustrations ;c26 cm .  aJ  aកូនខ្លាឃ្មុំអូឡាឡាជាកូនពៅរបស់ស្តេចខ្លាឃ្មុំឈ្មោះឧត្តម ។​ អូឡាឡាគិតតែផឹកសុីលេងល្បែងសុីសង ។ ថ្ងៃមួយអូឡាឡាមានគំនិតចង់អោយបិតាចែកទ្រព្យសម្បត្តិខ្លះដើម្បីទៅរកសុីចិញ្ចឺមជីវិត ។​ បិតាក៏យល់ព្រម ។ អូឡាឡាក៏បានយកទ្រព្យសម្បត្តិទៅដើរលេង សុីចាយដល់អស់ពីខ្លួន រហូតដល់ថ្នាក់ទៅសុីឈ្នួលគេដើម្បីចិញ្ចឹមក្រពះ ។​ ដោយសារតែទ្រាំនឹងការហត់នឿយមិនបានវាក៏បានឈប់ធ្វើការ ។ ក្រោយមកវាត្រូវបានខ្លាចាប់ឃុំ ដើម្បីធ្វើជាចំណី ។​ វាមានការភិតភ័យជាខ្លាំង សំណាងល្អបិតាវាក៏បានមកជួយ ហើយវាក៏បានសុំទោសបិតា ហើយសន្យាថានឹងធ្វើខ្លួនអោយល្អ ។​បកជាអង់គ្លេស​ aOhlala the bear cub was the youngest son of King Bear named Utdom. Ohlala only thought about eating, drinking, and playing gambling games. One day, he came up with the idea of asking his father to divide some of the family’s wealth so he could go off and live his own life. His father agreed. Ohlala then took the wealth and went out enjoying himself, spending everything he had until he was completely broke. Eventually, he had to work for others just to feed himself. Because he couldn't bear the exhaustion of hard work, he stopped working. Later, he was captured by a tiger to be eaten. He was extremely terrified. Luckily, his father came to rescue him. Ohlala apologized to his father and promised to become a better bear from then on.8 a500 bLexile estimate 8 aJ bRaz-Plus  aកូនខ្លាឃ្មុំ អូឡាឡាដឹងខុសហើយvរឿងនិទានកុមារ aLittle bear Oh La La realizes his mistakes ! vChildren's stories  aBunthon, Theak eIllustrator